Sams teach yourself cc:Mail 8.2 in 10 minutes /

Bibliographic Details
Main Author: Warner, Scott L.
Format: Book
Language:English
Published: Indianapolis, Ind. : Sams, [1998]
Subjects:

MARC

Tag First Indicator Second Indicator Subfields
LEADER 00000cam a22000004a 4500
001 in00001468898
005 20151021054902.0
008 980616s1998 inua 001 0 eng
010 |a  98086479  
020 |a 0672314207 
035 |a (OCoLC)40861803 
035 |9 AJF2243AM 
040 |a DLC  |c DLC  |d TXA  |d UtOrBLW 
042 |a pcc 
049 |a TXAM 
050 0 0 |a HE7551  |b .W37 1998 
082 0 0 |a 005.7/1369  |2 21 
100 1 |a Warner, Scott L. 
245 1 0 |a Sams teach yourself cc:Mail 8.2 in 10 minutes /  |c Scott Warner. 
246 3 0 |a cc:Mail 8.2 in 10 minutes 
264 1 |a Indianapolis, Ind. :  |b Sams,  |c [1998] 
264 4 |c ©1998 
300 |a xi, 212 pages :  |b illustrations ;  |c 22 cm. 
336 |a text  |b txt  |2 rdacontent 
337 |a unmediated  |b n  |2 rdamedia 
338 |a volume  |b nc  |2 rdacarrier 
630 0 0 |a cc:Mail. 
650 0 |a Electronic mail systems. 
948 |a c:jh 
999 |a MARS 
999 f f |s 3a3fd7cf-702a-3769-8630-409c373a0aac  |i 9d24e651-7d90-330c-abfa-448d302dcb73  |t 0 
952 f f |p ric  |a Texas A&M University  |b Rellis Campus  |c Joint Library Facility  |d Remote Storage  |t 0  |e HE7551 .W37 1998  |h Library of Congress classification  |i unmediated -- volume  |m A14824078789 
998 f f |a HE7551 .W37 1998  |t 0  |l Remote Storage